000 00574nam a22002177a 4500
001 00028633
005 20260325084807.0
008 260325b ag ||||| |||| 00| 0 spa d
020 _a9780316032544
040 _aAR-CcCEOS
_beng
_cAR-CcCEOS
041 _aeng
080 _a820-3(73)=20
090 _bMEY
100 1 _aMeyer, Stephenie,
_d1973-
_9961
245 _aNew moon /
_cStephenie Meyer
250 _a1ยช ed.
260 _aNew York :
_bBestseller,
_c2006.
300 _a563 p. ;
_c24x15 cm.
655 0 _aliteratura inglesa
_vnovela
_9904
942 _2udc
_cBK
_n0
999 _c28665
_d28665